関東地方のスキー場 - Statistics

General Stats
  • This quiz has been taken 14 times
  • The average score is 4 of 24
Answer Stats
Hint Answer % Correct
埼玉県 狭山スキー場
70%
川場スキー場
40%
たんばらスキーパーク
40%
神奈川県 スノーヴァ新横浜
30%
ハンターマウンテン塩原
20%
かたしな高原スキー場
20%
スノーパーク尾瀬戸倉
20%
ホワイトワールド尾瀬岩鞍
20%
群馬県 ノルンみなかみスキー場
20%
水上高原スノーリゾート
20%
群馬みなかみほうだいぎスキー場
20%
草津温泉スキー場
20%
栃木県 エーデルワイススキーリゾート
10%
日光湯元温泉スキー場
10%
谷川岳天神平スキー場
10%
ホワイトバレースキー場
10%
水上高原藤原スキー場
10%
群馬県 オグナほたかスキー場
0%
丸沼高原スキー場
0%
奥利根スノーパーク
0%
鹿沢スノーエリア
0%
軽井沢スノーパーク
0%
パルコール嬬恋スキーリゾート
0%
万座温泉スキー場
0%
No matching quizzes found
Score Distribution
Percent of People with Each Score
Percentile by Number Answered
Your Score History
You have not taken this quiz